000 00330 a2200145 4500
001 154953
040 _cEscola São Tomás de Aquino
100 _aLIMA, Mirna
240 1 0 _aPorta aberta 4º ano
_lpor
245 1 0 _aPorta aberta 4º ano
300 _a215
362 0 _a2011
697 _aGEOGRAFIA GERAL / VIAGENS
942 _cBK
999 _c154953
_d154953